Inventory and mapping palm species in Sitio Toyang, Brgy. Laiban, Tanay, Rizal (Record no. 58461)

MARC details
000 -LEADER
fixed length control field 01931nam a22002657i 4500
003 - CONTROL NUMBER IDENTIFIER
control field URS
003 - CONTROL NUMBER IDENTIFIER
control field URS
005 - DATE AND TIME OF LATEST TRANSACTION
control field 20220818135502.0
008 - FIXED-LENGTH DATA ELEMENTS--GENERAL INFORMATION
fixed length control field 170217b xxu||||| |||| 00| 0 eng d
040 ## - CATALOGING SOURCE
Transcribing agency URS
050 14 - LIBRARY OF CONGRESS CALL NUMBER
Classification number SB 317.P3
Item number Es883 2020
100 1# - MAIN ENTRY--PERSONAL NAME
Personal name Estrellado, Jake D.
245 10 - TITLE STATEMENT
Title Inventory and mapping palm species in Sitio Toyang, Brgy. Laiban, Tanay, Rizal
Statement of responsibility, etc. Jake D. Estrellado
264 #1 - PRODUCTION, PUBLICATION, DISTRIBUTION, MANUFACTURE, AND COPYRIGHT NOTICE
Date of production, publication, distribution, manufacture, or copyright notice 2020
300 ## - PHYSICAL DESCRIPTION
Extent xi, 44 leaves :
Other physical details color illustrations ;
Dimensions 28 cm.
336 ## - CONTENT TYPE
Source rdacontent
Content type term text
337 ## - MEDIA TYPE
Source rdamedia
Media type term unmediated
338 ## - CARRIER TYPE
Source rdacarrier
Carrier type term volume
502 ## - DISSERTATION NOTE
Dissertation note Thesis
Degree type BS in Forestry
Name of granting institution University of Rizal System - Tanay
Year degree granted 2020
504 ## - BIBLIOGRAPHY, ETC. NOTE
Bibliography, etc. note Includes bibliographical references.
520 ## - SUMMARY, ETC.
Summary, etc. This study determined the inventory and mapping of palm species in Sitio Toyang Brgy. Laiban Tanay, Rizal. It was conducted on January 22 to 26, 2020. The descriptive design method was used in the study. The researcher used complete enumeration in the conduct of the inventory of palm species. Based on the result of the study, there is a total of 4 palm species growing in the areanamely Pugahan (Caryotamitis lour), Anahaw (Saribus rotundifolios), Rattan (Calamus sp.) and Pandan (Pandanus sp.). Pugahan (Caryotamitis lour) has the most number of species in the area with 44 followed by Pandan (Pandanus) with 9; followed by Rattan (Calamus sp.) with 3 specie and Anahaw (Saribus rotundifolios) with 1. The species were found scattered growing among with trees and other forms of vegetation found in the area. The researcher recommends to continue conducting study on the status of palm species in terms of number and distribution of the species covering a larger area and use the findings of this study as baseline data on how to improve the protection and management of palm species.
650 #0 - SUBJECT ADDED ENTRY--TOPICAL TERM
Topical term or geographic name entry element Palms
Geographic subdivision Tanay (Rizal)
-- Philippines
700 ## - ADDED ENTRY--PERSONAL NAME
Personal name Navalta, Edwin S.
Relator term degree supervisor
942 ## - ADDED ENTRY ELEMENTS (KOHA)
Source of classification or shelving scheme Library of Congress Classification
Koha item type Theses and dissertations
Holdings
Withdrawn status Source of classification or shelving scheme Damaged status Not for loan Home library Current library Shelving location Date acquired Total Checkouts Full call number Barcode Date last seen Price effective from Koha item type
  Library of Congress Classification     Tanay College Library Tanay College Library Undergraduate Theses 04/19/2022   SB 317.P3 Es883 2020 URSTAN-UGT4473 07/06/2023 04/19/2022 Theses and dissertations

University of Rizal System
Email us at univlibservices@urs.edu.ph

Visit our Website www.urs.edu.ph/library